The management of act respiratory infections in children: Practical guidelines for outpatient care

Đã lưu trong:
书目详细资料
主要作者: WHO
格式: 图书
语言:Undetermined
出版: Geneva WHO 1995
主题:
标签: 添加标签
没有标签, 成为第一个标记此记录!
Thư viện lưu trữ: Trung tâm Học liệu Trường Đại học Cần Thơ
LEADER 00553nam a2200181Ia 4500
001 CTU_14672
008 210402s9999 xx 000 0 und d
082 |a 649.1 
082 |b M266 
100 |a WHO 
245 4 |a The management of act respiratory infections in children: Practical guidelines for outpatient care 
245 0 |c WHO 
260 |a Geneva 
260 |b WHO 
260 |c 1995 
650 |a children - health and hygiene,children care,pediatric nursing 
904 |i Minh, 980123 
980 |a Trung tâm Học liệu Trường Đại học Cần Thơ